A history of modern Southeast Asia
Bewaard in:
| Hoofdauteur: | |
|---|---|
| Formaat: | Boek |
| Taal: | Undetermined |
| Gepubliceerd in: |
Kuala Lumpur
Federal publications
1968
|
| Onderwerpen: | |
| Tags: |
Voeg label toe
Geen labels, Wees de eerste die dit record labelt!
|
| Thư viện lưu trữ: | Trung tâm Học liệu Trường Đại học Cần Thơ |
|---|
| LEADER | 00610nam a2200205Ia 4500 | ||
|---|---|---|---|
| 001 | CTU_109292 | ||
| 008 | 210402s9999 xx 000 0 und d | ||
| 082 | |a 959 | ||
| 082 | |b B326 | ||
| 100 | |a Bastin, John | ||
| 245 | 2 | |a A history of modern Southeast Asia | |
| 245 | 0 | |c John Bastin, Harry J. Benda | |
| 260 | |a Kuala Lumpur | ||
| 260 | |b Federal publications | ||
| 260 | |c 1968 | ||
| 650 | |a Nationalism,Decolonization,Southeast asia | ||
| 650 | |x History,History | ||
| 650 | |z Southeast asia,Southeast asia | ||
| 904 | |i Giang, Q. Hieu (sua) | ||
| 980 | |a Trung tâm Học liệu Trường Đại học Cần Thơ | ||